PUZZLING CASES IN PEDIATRIC DEMATOLOGY VOLUME 2 (Record no. 30573)

MARC details
000 -LEADER
fixed length control field 00421nam a22001697a 4500
003 - CONTROL NUMBER IDENTIFIER
control field SGT
020 ## - INTERNATIONAL STANDARD BOOK NUMBER
International Standard Book Number 9789383989744
082 ## - DEWEY DECIMAL CLASSIFICATION NUMBER
Classification number 616.5
Item number P23T
100 ## - MAIN ENTRY--PERSONAL NAME
Personal name THAPPA, D.M.
245 ## - TITLE STATEMENT
Title PUZZLING CASES IN PEDIATRIC DEMATOLOGY VOLUME 2
250 ## - EDITION STATEMENT
Edition statement 1ST
260 ## - PUBLICATION, DISTRIBUTION, ETC. (IMPRINT)
Place of publication, distribution, etc INDIA
Name of publisher, distributor, etc TREE LIFE MEDIA PUB
Year of Publication 2023
300 ## - PAGE DESCRIPTION
No. of Pages 153
650 ## - SUBJECT ADDED ENTRY--TOPICAL TERM
Topical term or geographic name as entry element DERMATOLOGY
653 ## - KEYWORDS--INDEX TERM
Keyword term PUZZLING CASES IN PEDIATRIC DEMATOLOGY
942 ## - ADDED ENTRY ELEMENTS (KOHA)
Source of classification or shelving scheme Dewey Decimal Classification
Koha item type Books
Holdings
Withdrawn status Lost status Source of classification or shelving scheme Damaged status Not for loan Collection code Home library Current library Shelving location Date acquired Vendor Name Cost, normal purchase price Volume Information (Serial or Books or Non-Book Material) SGTU Bill Number Full call number Accession No. (Barcode) Date last seen Bill Date Koha item type Total Checkouts
    Dewey Decimal Classification   Not For Loan MEDICAL SGT Medical Library SGT Medical Library Reference Book 11/02/2025 ABC DELHI 995.00 VOL-2 SGTU 20461 616.5 P23T FM14730 02/04/2025 11/02/2025 Books  
    Dewey Decimal Classification     MEDICAL SGT Medical Library SGT Medical Library Text Book 11/02/2025 ABC DELHI 995.00 VOL-2 SGTU 20461 616.5 P23T FM14731 02/04/2025 11/02/2025 Books  
    Dewey Decimal Classification     MEDICAL SGT Medical Library SGT Medical Library Text Book 11/02/2025 ABC DELHI 995.00 VOL-2 SGTU 20461 616.5 P23T FM14732 02/04/2025 11/02/2025 Books